000 00490nam a2200181Ia 4500
001 1579
005 20260306143738.0
008 260306t2013||||xx |||||||||||||| ||spa||
041 _aESP
082 _a152.4
_bG46
100 _aGiménez-Dasi, Marta
_eAUT
245 0 _aPrograma emociones. Pensando las emociones:
_bprograma de intervención para educación infantil
260 _c2013
300 _a271 páginas :
_c23 cm.
650 _aGEN
654 _aCPS
942 _cLIB
_dJUS
_fJUS
_2ddc
_n
999 _c1579
_d1579